000
00304nam a22001337a 4500
008
171031b xxu||||| |||| 00| 0 eng d
020
_a
0673184684
041
_a
eng
080
_a
33
100
_a
58
101
_a
BUS
245
_a
WE'VE GOT TO START MEETING LIKE THIS!
_c
MOSVICK,R.K
942
_2
udc
_c
BK
999
_c
36733
_d
36733